memes les plus populaires - Statistiques

Statistiques générales
  • Ce quiz a été pris 190 fois
  • Le résultat moyen est 2 sur 8
Answers on the Grid
Answers color-coded by a green-red scale on the quiz's grid according to % correct below.
troll face
gugu gaga
big brain time
six seven
ahlelela ahlelelas
lava chicken
chicken Jockey
fire in the hole
to be continued
metro man dance
mr beast
among us
rat dance
uhh gugu gaga
 
Statistiques - réponses
Réponse % Correct
six seven
64%
troll face
53%
gugu gaga
36%
lava chicken
19%
mr beast
19%
chicken Jockey
14%
uhh gugu gaga
12%
metro man dance
4%
Aucun quiz correspondant
Distribution des résultats
% des personnes avec chaque résultat
Percentile par nombre de réponses
Votre historique - résultats
Vous n’avez pas pris ce quiz